000 00540nmm a2200169Ia 4500
008 251105s9999||||xx |||||||||||||||||und||
020 _a9788499679310
041 _aspa
100 _aOllero de Landáburu, Gonzalo
245 0 _aBreve historia de la vida cotidiana de la Grecia clásica :
_b Vida cotidiana 2
264 _a[Madrid, España] :
_bEdiciones Nowtilus,
_c2019
300 _a304 páginas
490 _aBreve historia
650 _aHistory (General)
856 _uhttps://public.digitaliapublishing.com/a/171886
942 _cCF
999 _c93205
_d93205